000 00263nam a22001217a 4500
008 181205b xxu||||| |||| 00| 0 eng d
041 _aeng
080 _a720
100 _a41
101 _aARK
245 _aVictorian Architecture
_cJordan,R.F
942 _2udc
_cBK
999 _c52848
_d52848